[Event "San Jose Metropolitano op-A 45th"]
[Site "San Jose"]
[Date "2024.12.29"]
[Round "8"]
[White "Solano Cordero, Jorge Alexis"]
[Black "Espitia Torres, Mateo"]
[Result "1/2-1/2"]
[WhiteElo "2001"]
[BlackElo "1975"]
[PlyCount "43"]
[EventDate "2024.12.26"]
[EventType "swiss"]
[EventRounds "9"]
[EventCountry "CRI"]
[SourceTitle "CB02_2025"]
[SourceDate "2025.01.08"]
[SourceVersion "1"]
[SourceVersionDate "2025.01.08"]
[SourceQuality "1"]

1. d4 d5 2. Bf4 Nf6 3. e3 c5 4. c3 Nc6 5. Nd2 g6 6. Ngf3 cxd4 7. exd4 Bg7 8. Bb5 0-0 9. Bxc6 bxc6 10. 0-0 Bg4 11. h3 Bxf3 12. Nxf3 Rc8 13. Qa4 Qb6 14. Qb3 Ne4 15. Rfe1 Rfe8 16. Ng5 Nxg5 17. Bxg5 e6 18. Bf4 Bf8 19. Bg3 Bg7 20. Bf4 Bf8 21. Bg3 Bg7 22. Bf4 1/2-1/2

[Event "San Jose Metropolitano op-A 45th"]
[Site "San Jose"]
[Date "2024.12.26"]
[Round "1"]
[White "Duran Vega, Sergio"]
[Black "Solano Cordero, Jorge Alexis"]
[Result "0-1"]
[WhiteElo "2313"]
[BlackElo "2001"]
[PlyCount "104"]
[EventDate "2024.12.26"]
[EventType "swiss"]
[EventRounds "9"]
[EventCountry "CRI"]
[SourceTitle "CB02_2025"]
[SourceDate "2025.01.08"]
[SourceVersion "1"]
[SourceVersionDate "2025.01.08"]
[SourceQuality "1"]

1. e4 e6 2. d4 d5 3. Nc3 Nf6 4. e5 Nfd7 5. Nce2 c5 6. c3 Nc6 7. Nf3 a5 8. a3 a4 9. h4 b5 10. Nf4 Qa5 11. dxc5 Ndxe5 12. Nxe5 Nxe5 13. Qe2 Nc4 14. Nxd5 Bxc5 15. Rh3 Bb7 16. Ne3 Qb6 17. Rg3 Rg8 18. Qc2 Nd6 19. Bd3 f5 20. Qe2 0-0-0 21. Nc2 e5 22. Nb4 f4 23. Rg5 e4 24. Bc2 f3 25. gxf3 exf3 26. Rxc5+ Qxc5 27. Qe6+ Kb8 28. Be3 Qc4 29. Qxc4 Nxc4 30. Bf4+ Ka8 31. b3 axb3 32. Bxb3 Rge8+ 33. Kf1 Nd2+ 34. Bxd2 Rxd2 35. a4 Ree2 36. axb5+ Kb8 37. Bc4 Rxf2+ 38. Ke1 Rh2 39. Bf1 Rd6 40. c4 Rxh4 41. Kf2 Rh2+ 42. Kg3 Rb2 43. Na6+ Bxa6 44. bxa6 Ka7 45. c5 Rf6 46. Rd1 Rf7 47. c6 Rc2 48. Rd7+ Rxd7 49. cxd7 Rd2 50. Bb5 f2 51. Kg2 Kb6 52. Kf1 h5 0-1